| 000 | 00773cam a22002295a 4500 | ||
|---|---|---|---|
| 001 | 11963996 | ||
| 005 | 20160110142827.0 | ||
| 008 | 000404t2000 maua frb 001 0 eng d | ||
| 020 | _a0750671262 (alk. paper) | ||
| 020 | _a9780750671262 | ||
| 040 |
_aDLC _cDLC _dDLC _dEG-ScBUE _beng |
||
| 082 | 0 | 4 |
_a660.283 _222 _bCHE |
| 100 | 1 |
_aCheremisinoff, Nicholas P. _96591 |
|
| 245 | 1 | 0 |
_aHandbook of chemical processing equipment / _cNicholas P. Cheremisinoff. |
| 260 |
_aBoston : _bButterworth-Heinemann, _cc.2000. |
||
| 300 |
_aix, 535 p. : _bill. ; _c27 cm. |
||
| 500 | _aIndex : p. 527-535. | ||
| 504 | _aIncludes bibliographical references. | ||
| 650 | 7 |
_aChemical plants _xEquipment and supplies. _2BUEsh _938999 |
|
| 653 |
_bENGCHE _cJuly2015 _cJanuary2016 |
||
| 942 | _2ddc | ||
| 999 |
_c20203 _d20175 |
||